| 000 | 00475nam a22001697a 4500 | ||
|---|---|---|---|
| 003 | OSt | ||
| 008 | 260416b |||||||| |||| 00| 0 eng d | ||
| 082 |
_a581.2326 _bN37S |
||
| 100 | _aNeelima | ||
| 245 | _aStudies on The Management of Late Blight of Potato caused by Phytophthora infestans (Mont.) de Bary | ||
| 260 |
_aPusa, Samastipur _bRAU, Samastipur _c2006 |
||
| 300 | _a46P. | ||
| 502 |
_bMsc. _d2006 |
||
| 650 | _aPlant Pathology | ||
| 650 | _aMsc. | ||
| 942 |
_2ddc _cT |
||
| 999 |
_c50055 _d50055 |
||